000
00276nam a2200097Ia 4500
008
220204s9999 xx 000 0 und d
082
_a
058STA
_b
STA
245
0
_a
Statesman's yeabook. 1964-65, 1970-71, 1975-76, 1977-78, 1978-79
260
_a
London
_b
Macmillan
_c
1978
942
_c
BK
999
_c
20619
_d
20619